Cities of Texas Quiz Stats

 Plays Quiz not verified by Sporcle

Challenge
Share
Tweet
Embed
Score 0/50 Timer 10:00
0 Plays Today
Population City % Correct
1,953,631Houston
100%
1,188,580Dallas
100%
1,144,646San Antonio
99%
656,562Austin
95.9%
563,662El Paso
93.8%
534,694Fort Worth
92.3%
332,969Arlington
81.5%
199,564Lubbock
81%
277,454Corpus Christi
79%
113,726Waco
78.5%
173,627Amarillo
76.4%
222,030Plano
71.8%
139,722Brownsville
67.7%
47,247Galveston
63.6%
191,615Irving
60.5%
176,576Laredo
58.5%
90,943Odessa
55.9%
115,930Abilene
55.4%
94,996Midland
53.3%
215,768Garland
51.3%
104,197Wichita Falls
47.7%
113,866Beaumont
47.2%
67,890College Station
46.7%
80,537Denton
45.1%
106,414McAllen
44.6%
Population City % Correct
83,650Tyler
44.6%
141,674Pasadena
42.6%
124,523Mesquite
37.4%
61,136Round Rock
37.4%
127,427Grand Prairie
32.8%
86,911Killeen
32.8%
65,660Bryan
31.3%
109,576Carrollton
28.7%
88,439San Angelo
28.7%
63,328Sugar Land
28.2%
54,514Temple
26.7%
54,369McKinney
25.1%
91,802Richardson
24.6%
57,755Port Arthur
23.6%
60,603Victoria
23.1%
57,564Harlingen
21.5%
73,344Longview
21%
55,649The Woodlands
20.5%
77,737Lewisville
17.4%
66,430Baytown
16.9%
47,152Bedford
14.9%
50,702Flower Mound
11.8%
55,635North Richland Hills
11.3%
52,913Missouri City
10.8%
48,465Edinburg
9.7%

You're not logged in!

Compare scores with friends on all Sporcle quizzes.
Join for Free
OR
Log In

You Might Also Like...

Show Comments

Extras

Top Quizzes Today


Score Distribution

Your Account Isn't Verified!

In order to create a playlist on Sporcle, you need to verify the email address you used during registration. Go to your Sporcle Settings to finish the process.

Report this User

Report this user for behavior that violates our Community Guidelines.

Details: